Vocabulaire italien - Statistiques

Statistiques générales
  • Ce quiz a été pris 172 fois
  • Le résultat moyen est 3 sur 15
Statistiques - réponses
Français Italien % Correct
Litchi Litchi
53%
Escalier Scala
50%
Tapis Tappeto
36%
Tremblement de Terre Terremoto
29%
Ecureuil Scoiattolo
24%
Tableau Tavolo
22%
Echecs Scacchi
21%
Ennuyé Annoiato
20%
Tongue Lingua
19%
Rein Rene
18%
Médise Medusa
17%
Vêtements Abbigliamento
9%
Fouet Frusta
9%
Radis Ravanello
8%
Genoux Giro
2%
Aucun quiz correspondant
Distribution des résultats
% des personnes avec chaque résultat
Percentile par nombre de réponses
Votre historique - résultats
Vous n’avez pas pris ce quiz